00358 a2200097 4500001001000000005001700010008004100027245009300068100002000161773007900181ART_6149420260410161949.0260409a 10aLa interpretación del derecho pensionario en las uniones convivenciales del mismo sexo1 aBlanco, Mariela0 tTemas de derecho laboralg- Año 10, N° 10/11 (oct./nov. 2024)wREV27619